000
00261nam a2200097Ia 4500
001
1300784
005
20260420095910.0
008
260420s9999 xx 000 0 und d
245
0
_a
NASREDDİN HOCA HİKAYELERİ
_c
EMEL İPEK
260
_b
ÇOCUK GEZEGENİ YAYINLARI
999
_c
1300784
_d
1300784